000 00360nam a2200133 a 4500
001 000046614
005 20240306073910.0
008 110714s1982 000 0 spa d
040 _aDO-SdBNP
_bspa
_cBNPHU
082 _axxxx
_bxxx
100 1 _aMartí, José,
_d1853-1895
_9645
245 1 0 _aCartas a María Mantilla.
260 _aLa Habana :
_bGente nueva,
_c1982.
999 _c46103
_d46103